Southville International School and Colleges
Your cart is empty.
  • Cart
  • Lists
    Public lists list_1 View all
    Your lists Log in to create your own lists
  • Log in to your account
  • Your cookies
  • Search history
Southville International School and Colleges
  • Advanced search
  • Recent comments
  • Most popular
  • Libraries

Log in to your account

Log in with GOOGLE


If you do not have an external account, but do have a local account, you can still log in:

  1. Home
  2. MARC view: Buffy the vampire slayer
Normal view MARC view ISBD view

Buffy the vampire slayer (Record no. 10895)

[ view plain ]
MARC details
000 -LEADER
fixed length control field 00726cam a22002537a 4500
001 - CONTROL NUMBER
control field 16095812
003 - CONTROL NUMBER IDENTIFIER
control field LC
005 - DATE AND TIME OF LATEST TRANSACTION
control field 20160222142716.0
008 - FIXED-LENGTH DATA ELEMENTS--GENERAL INFORMATION
fixed length control field 100218s2010 nyu j 000 1 eng
010 ## - LIBRARY OF CONGRESS CONTROL NUMBER
LC control number 2010922982
020 ## - INTERNATIONAL STANDARD BOOK NUMBER
International Standard Book Number 9781442412095
040 ## - CATALOGING SOURCE
Original cataloging agency DLC
Transcribing agency DLC
050 00 - LIBRARY OF CONGRESS CALL NUMBER
Classification number PN 1992.77
Item number .V953 2010
082 ## - DEWEY DECIMAL CLASSIFICATION NUMBER
Classification number FIC
Item number V91b 2006
100 ## - MAIN ENTRY--PERSONAL NAME
Personal name Vornholt, John
9 (RLIN) 4334
245 00 - TITLE STATEMENT
Title Buffy the vampire slayer
Statement of responsibility, etc John Vornholt.
250 ## - EDITION STATEMENT
Edition statement Simon Pulse paperback ed.
260 ## - PUBLICATION, DISTRIBUTION, ETC. (IMPRINT)
Place of publication, distribution, etc New York :
Name of publisher, distributor, etc Simon Pulse,
Date of publication, distribution, etc c2010.
300 ## - PHYSICAL DESCRIPTION
Extent 656 p. :
Dimensions 21 cm.
906 ## - LOCAL DATA ELEMENT F, LDF (RLIN)
a 7
b cbc
c orignew
d 4
e epcn
f 20
g y-gencatlg
942 ## - ADDED ENTRY ELEMENTS (KOHA)
Source of classification or shelving scheme Library of Congress Classification
Koha item type Books
Holdings
Withdrawn status Lost status Source of classification or shelving scheme Damaged status Home library Current library Shelving location Date acquired Total Checkouts Total Renewals Full call number Barcode Date last seen Date checked out Copy number Price effective from Koha item type
    Library of Congress Classification   Luxembourg Library Luxembourg Library Fiction Section 09/11/2013 5 3 PN 1992.77 .V953 2010 18341 02/08/2022 12/14/2021 1 09/11/2013 Books

Buffy the vampire slayer

APA

Vornholt J., . (2010). Buffy the vampire slayer. New York: Simon Pulse.

Chicago

Vornholt John, . 2010. Buffy the vampire slayer. New York: Simon Pulse.

Harvard

Vornholt J., . (2010). Buffy the vampire slayer. New York: Simon Pulse.

MLA

Vornholt John, . Buffy the vampire slayer. New York: Simon Pulse. 2010.

  • Place hold
  • Print
  • Cite
  • Add to your cart (remove)
  • Save record
    BIBTEX Dublin Core MARCXML MARC (non-Unicode/MARC-8) MARC (Unicode/UTF-8) MARC (Unicode/UTF-8, Standard) MODS (XML) RIS
  • More searches
    Search for this title in:
    Other Libraries (WorldCat) Other Databases (Google Scholar) Online Stores (Bookfinder.com) Open Library (openlibrary.org)

Exporting to Dublin Core...

SOUTHVILLE LIBRARY

Southville International School and Colleges Library

1281 Tropical Ave. Cor. Luxembourg St., BF Homes International, Las Pinas City

Tel. No. 8256374 / 252358 Loc. 117/146

Powered by Koha